[Event "Biel MTO op 50th"]
[Site "Biel"]
[Date "2017.07.26"]
[Round "3"]
[White "Bellaiche, Antony"]
[Black "Karthikeyan, Murali"]
[Result "1/2-1/2"]
[WhiteElo "2463"]
[BlackElo "2579"]
[Annotator "Karthikeyan,M"]
[PlyCount "158"]
[EventDate "2017.07.24"]
[EventType "swiss"]
[EventRounds "9"]
[EventCountry "SUI"]
[SourceTitle "CBM 180"]
[Source "ChessBase"]
[SourceDate "2017.09.13"]
[SourceVersion "1"]
[SourceVersionDate "2017.09.13"]
[SourceQuality "1"]

1. e4 c5 2. Nf3 d6 3. d4 cxd4 4. Nxd4 Nf6 5. Nc3 Nc6 {Generally the Classical
Sicilian contains a lot of theory and ideas. Both White and Black should be
aware of all the ideas before playing this variation.} 6. Bg5 e6 7. Qd2 a6 8.
O-O-O Bd7 9. f3 Be7 10. Kb1 h6 11. Be3 h5 12. Bd3 $5 (12. h4 {is the top
choice in this position with more games played here.} Ne5 $132) 12... Qc7 (
12... b5 13. Nxc6 Bxc6 14. Ne2 $14 {This is the main idea behind f3. The
knight goes to d4 and the queenside attack is controlled.}) (12... Nxd4 {
allows White a good attack:} 13. Bxd4 e5 14. Be3 b5 15. h3 (15. Bg5 b4 16. Bxf6
bxc3 17. Bxe7 Qa5 18. Qxc3 (18. Qg5 Qb4 19. b3 Qa3 20. Qc1 Qxc1+ 21. Kxc1 Kxe7
$11) 18... Qxc3 19. bxc3 Kxe7 $132) 15... b4 16. Nd5 Nxd5 17. exd5 $14) (12...
Rc8 13. h3 h4 (13... Ne5 14. g4 $16) 14. f4 $14) 13. h3 h4 14. f4 b5 (14...
Nxd4 15. Bxd4 e5 16. Be3 b5 17. Rhf1 b4 18. Nd5 $16) (14... Rc8 15. Nf3 $14 {
White's main idea is to push e4 e5 and attack on the kingside. So Black should
quickly start counterplay on the queenside.}) 15. Nf3 (15. Bxb5 {This is an
interesting option,} axb5 16. Ndxb5 Qa5 (16... Qb8 17. Nxd6+ Bxd6 18. Qxd6 Qxd6
19. Rxd6 Ne7 20. Rhd1 $11) 17. Nxd6+ Kf8 18. a3 (18. Nc4 Qa6 $17) 18... Be8 $15
) (15. Nxc6 Bxc6 16. e5 dxe5 17. fxe5 Qxe5 $17) 15... b4 (15... Na5 $5 16. Qf2
(16. e5 b4 17. exf6 (17. Ne2 dxe5 18. Nxe5 Bb5 19. Nd4 O-O $11) 17... bxc3 18.
fxg7 Rg8 19. Qxc3 Qxc3 20. bxc3 Rxg7 $132 {[%csl Yc2,Yc3]}) 16... b4 17. Bb6
Qb7 18. Bxa5 bxc3 19. Bxc3 Nxe4 20. Bxe4 Qxe4 21. Bxg7 Rg8 $14 {Still Black
has good counterplay.}) 16. Na4 Rb8 17. Qf2 d5 (17... Bd8 18. b3 $16 {[%cal
Ga4b2,Gb2c4]}) (17... e5 18. Rhe1 $16) 18. e5 (18. Nb6 dxe4 19. Nxd7 Qxd7 20.
Bxa6 Nd5 $11) 18... Nh5 (18... d4 19. exf6 dxe3 20. fxg7 Rg8 21. Qxe3 Rxg7 22.
f5 $18) (18... Ne4 19. Bxe4 dxe4 20. Nb6 $18 {[%csl Yd7]}) 19. Bb6 (19. Nc5 $5
Bc8 (19... d4 20. Bxd4 Nxd4 21. Nxa6 $18) 20. Rhe1 (20. Nb3 a5 21. Nbd4 Nxd4
22. Nxd4 Ng3 23. Rhe1 O-O $11 {[%csl Yg3]}) 20... a5 21. Na4 $14 {Black needs
to find a plan to safeguard his king.}) (19. Bc5 Nxf4 20. Bxe7 Nxe7 $15) 19...
Rxb6 $2 (19... Qb7 {is also good.} 20. Bc5 (20. f5 Nd8 21. Bxd8 Kxd8 $1 {
Such moves could be easily missed.} (21... Bxd8 22. fxe6 Bxe6 (22... Bxa4 23.
Nxh4 $40) 23. Nxh4 $18) 22. b3 Ng3 $13) 20... Nxf4 21. Bd6 Bxd6 22. exd6 f6 $13
{and the position still remains complex.}) 20. Nxb6 (20. Qxb6 Qxb6 21. Nxb6
Nxf4 22. Bxa6 (22. Nxd7 Kxd7 23. Bxa6 Rb8 $14) 22... Nb8 23. Nxd7 Nxa6 24. Nb6
Rh5 $14 {[%csl Ye5] Black has good chances for counterplay due to White's poor
pawn structure.}) 20... Qa7 (20... Nxf4 21. Nxd7 Qxd7 22. Bxa6 $16) 21. Rhf1 (
21. Rd2 Nxf4 22. Nxd7 Qxf2 23. Rxf2 Kxd7 $14) 21... Ng3 (21... Nxf4 $5 22. Nxd7
(22. Nh2 g5 $132 {[%csl Gf4]}) 22... Qxf2 23. Rxf2 Nxd3 24. cxd3 Kxd7 25. Kc2
$14 {but this ending is favourable only for White.}) 22. Nxd7 (22. Rfe1 Bd8 $19
{[%csl Yf2][%cal Ga7f2]}) 22... Nxf1 23. Qxf1 (23. Qxa7 Nxa7 24. Rxf1 Kxd7 25.
Bxa6 g6 $14 {[%csl Yf4] Due to the poor pawn structure of White, Black has
good chances for a draw.}) 23... Kxd7 (23... Qxd7 24. Bxa6 O-O 25. Bb5 Qb7 26.
f5 $16) 24. f5 (24. Bxa6 $2 Kc7 $15 {[%csl Ya2]}) 24... Kc7 25. Qe2 $6 (25.
fxe6 fxe6 26. Rc1 Qe3 $11) (25. Rc1 $5 {White could try to open the position
where Black's king is wide open.} Qe3 26. c3 bxc3 27. Rxc3 Rb8 28. Rc2 $16)
25... Qc5 (25... Kb7 26. Rc1 $16 {and White keeps up the pressure.}) 26. Qd2 (
26. Rc1 Rb8 27. Qd2 {is no longer harmful due to} exf5 28. Bxf5 (28. c3 g6 29.
cxb4 Qxb4 $11) 28... a5 $132) 26... Kb6 $6 (26... exf5 27. Bxf5 a5 $11) 27. Qf4
Bd8 $6 (27... exf5 28. Qxf5 Rf8 29. Bf1 (29. Nd2 Qe3 $11) 29... a5 $14) 28. Qg4
exf5 29. Qxg7 $6 (29. Qxf5 Bc7 30. e6 (30. Qxf7 Nxe5 31. Qxg7 Qf8 32. Qxf8 Rxf8
$11) 30... fxe6 31. Qxe6 $14 {and White can try to keep the queens and play
against the king.}) (29. Bxf5 Re8 30. Qxg7 Re7 $132) 29... Qf8 30. Qxf8 Rxf8
31. Bxf5 Bc7 (31... Rg8 32. Rd2 $16) (31... Re8 32. Bd7 $16) 32. Nxh4 (32. Rxd5
$4 Ne7 $15) 32... Nxe5 33. Rxd5 Re8 (33... Rh8 34. Nf3 Nxf3 35. gxf3 Rh5 36. c4
bxc3 37. bxc3 $16 {White just brings his king to the centre and starts pushing
his pawns.}) 34. Rd1 $6 (34. Bd3 $5 Ng6 (34... Nxd3 35. cxd3 Re1+ 36. Kc2 $16)
35. Nf3 Ne5 36. Nd4 $16) 34... Nc4 35. Bd3 (35. Nf3 Ne3 36. Re1 Rd8 37. Bd3
Nxg2 $14 {should be near to a draw.}) 35... Ne3 36. Rg1 (36. Rd2 Nf5 37. Nf3
Nh4 38. a4 (38. c4 bxc3 39. bxc3 Nxf3 40. gxf3 Re3 $14) 38... Nxf3 39. gxf3 Re3
$16 {,+=}) 36... Bh2 37. Rh1 Bg3 38. Nf5 (38. Nf3 Nxg2 39. Rg1 Re3 40. Nd2 (40.
Rxg2 Rxf3 $11) 40... Re1+ 41. Rxe1 Bxe1 $11) 38... Nxf5 39. Bxf5 Re2 (39...
Re1+ 40. Rxe1 Bxe1 41. Kc1 $16 {Still it's not clear how Black will have the
fortress setup. White just brings his king to the kingside and starts pushing
his pawns.}) 40. Rg1 (40. h4 Bxh4 $11) (40. a3 bxa3 41. bxa3 Rxg2 42. h4 Rh2
43. Rxh2 Bxh2 $11) 40... Bh2 41. Bd3 Rf2 42. Rf1 Rxg2 (42... Rxf1+ 43. Bxf1 Be5
44. a3 (44. c3 bxc3 45. b3 a5 $11 {doesn't help White}) (44. Kc1 $5 {This is
an interesting try;} a5 45. b3 {the point is White frees his b-pawn and
targets the a5-pawn by giving any of the kingside pawns.} Kc5 46. Kd2 Kd4 47.
Bd3 $16 {White's play is simple here. Black might hold a draw but has to be
accurate.}) 44... a5 45. axb4 axb4 46. Ka2 Kc5 47. Kb3 Bg3 48. c3 bxc3 49. bxc3
$16 {White will get good chances of winning.}) 43. Rf6+ (43. Rxf7 Rg1+ 44. Rf1
(44. Bf1 a5 $11) 44... Rxf1+ 45. Bxf1 Be5 $11 {Black's king will catch the
h-pawn and White will soon run into an ending with opposite coloured bishops
which is a draw.}) 43... Kc5 44. Bxa6 Rg3 (44... Bg3 45. Rxf7 $16) (44... Rg6
45. Rf5+ (45. Rxg6 fxg6 46. c3 bxc3 47. bxc3 g5 $11 {[%cal Gc5d6,Gh2g1] is
just a draw}) 45... Kd4 46. Bd3 (46. Bf1 Rg1 $11 {White cannot save his bishop}
47. Rxf7 Ke4 {[%cal Gh2f4]}) 46... Rg1+ 47. Rf1 Rxf1+ 48. Bxf1 $16 {This
ending is not so clear for Black.}) 45. Bf1 Re3 46. Kc1 Be5 47. Rf5 $6 (47.
Rxf7 Re1+ 48. Kd2 Ra1 $16 {is the same position with Black's king on c5 which
could he helpful for White.}) 47... Kd6 (47... f6 $14 {is also good.}) 48. Rxf7
Re1+ 49. Kd2 Ra1 50. b3 Rxa2 51. h4 Ra5 52. Ke3 Rc5 53. Bc4 $6 (53. Bd3 $5 Bc3
54. Kf4 $16) 53... Rc7 54. Rf5 (54. Rxc7 Kxc7 55. Ke4 Kd6 $11) (54. Rf3 Rg7 $11
) (54. Rf1 $5 Rg7 55. h5 Rg4 56. Rh1 Bf6 $11 {This is the only way for White
to try but Black should hold the draw by precise play.}) 54... Rg7 55. h5 Rg3+
56. Ke4 Rg4+ 57. Kf3 Rg3+ 58. Kf2 Rg4 {[%cal Gg4f4]} 59. Ke3 Rg3+ 60. Ke4 Rg4+
61. Kd3 Rg3+ 62. Kd2 Rg5 (62... Bc3+ 63. Ke2 (63. Kd1 Rg2 64. Be2 Rh2 $11)
63... Rg2+ 64. Kf3 Rxc2 $16 {is also possible but White keeps on trying this
position.}) 63. Rxg5 (63. Rf8 Bc3+ 64. Kd3 Rxh5 $11) 63... Bf4+ 64. Kd3 Bxg5
65. Ke4 (65. c3 bxc3 66. Kxc3 Ke7 67. Kd4 Kf6 68. b4 Kg7 69. b5 Bd8 $11 {
and a draw due to opposite coloured bishops.}) 65... Bf6 66. Kf5 Ke7 67. Kg6
Bc3 68. h6 Kf8 69. Kh7 Bd4 70. Bd5 (70. Be6 Bc3 $11) 70... Bc3 71. Bf3 Kf7 72.
Bh5+ Kf6 (72... Kf8 {is also a draw.} 73. Bg6 Bd2 74. c4 bxc3 75. Bc2 Be3 76.
Kg6 Bd4 77. h7 (77. b4 Ke7 78. b5 Kd6 79. h7 Kc5 $11) 77... Ke7 78. Kf5 Kd6 $11
) 73. Bg6 (73. Kg8 Kg5 74. h7 Kxh5 75. h8=Q+ Bxh8 76. Kxh8 Kh6 $11) 73... Kg5
74. Bd3 Kh5 75. Be2+ Kg5 76. Bd1 Bd4 77. c4 bxc3 78. b4 Be3 79. b5 Bd4 {
The white king cannot come out without losing the h-pawn so it is a draw. Even
though Black made some small mistakes, White couldn't convert it correctly.
Black got good chances for counterplay and utilised them as we saw in this
game.} 1/2-1/2

[Event "Bundesliga 9798"]
[Site "Germany"]
[Date "1998.03.28"]
[Round "12.4"]
[White "Heinemann, Thies"]
[Black "Kraut, Rainer"]
[Result "1-0"]
[WhiteElo "2450"]
[BlackElo "2470"]
[Annotator "Knaak,R"]
[PlyCount "67"]
[EventDate "1997.10.18"]
[EventType "team-tourn"]
[EventRounds "15"]
[EventCountry "GER"]
[SourceTitle "CBM 064"]
[Source "ChessBase"]
[SourceDate "1998.06.02"]
[SourceVersion "1"]
[SourceVersionDate "1998.06.02"]
[SourceQuality "1"]
[WhiteTeam "Hamburger SK"]
[BlackTeam "Duisburg"]
[WhiteTeamCountry "GER"]
[BlackTeamCountry "GER"]

1. e4 c5 2. Nf3 d6 3. d4 cxd4 4. Nxd4 Nf6 5. Nc3 Nc6 6. Bg5 e6 7. Qd2 a6 8.
O-O-O Bd7 9. f4 b5 10. Bxf6 gxf6 11. Kb1 Qb6 12. Nxc6 Bxc6 13. Qe1 Be7 14. Bd3
b4 15. Ne2 a5 16. f5 {Das ist alles schon dagewesen. Nun sollte Schwarz die
Stellung mit 16...e5 geschlossen halten.} Qc5 17. fxe6 fxe6 18. Nf4 Qe5 {
Optisch sieht das nicht schlecht aus für Schwarz: Läuferpaar, eine starke,
kaum angreifbare Dame. Aber auf lange Sicht muß die Stellung des schwarzen
Königs eine Rolle spielen.} 19. Rf1 Rc8 20. Rf2 a4 21. Ba6 ({Nicht} 21. Qxb4 $2
d5) 21... Rb8 ({Nach} 21... Rc7 {wäre} 22. Qxb4 {möglich.}) 22. Bc4 Bd7 23. g3
a3 24. Nd3 Qd4 25. b3 {Die schwarze Dame ist nun nicht leicht zu vertreiben.}
Bf8 26. c3 $1 {Nur so kann Weiß vorwärtskommen.} bxc3 (26... Qxc3 $2 27. Qe3 e5
28. Qf3 Be7 29. Rc2 Qd4 30. Nxb4) 27. Kc2 {Der König steht hier sehr sicher.
In einem Endspiel würde der Bauer dann schnell erobert werden.} Bh6 28. Nf4 Qe5
29. Qe2 Ke7 {[#]} (29... Bc6 30. Re1 Bxf4 31. gxf4 Qd4 32. Bxe6 Bxe4+ 33. Qxe4
Qxf2+ 34. Re2 {gewinnt Weiß.}) ({Schwarz muß nun mit} 29... Z0 30. Qh5+ Qxh5
31. Nxh5 {rechnen.}) 30. Nd5+ $1 exd5 $2 {Die Annahme des Opfers verliert
schnell.} ({Nach} 30... Kd8 31. Nxf6 Rf8 32. Rdf1 $1 (32. Nxd7 Kxd7 33. Rdf1
Rxf2 34. Rxf2 Qg5 (34... Rf8 35. Rxf8 Bxf8) 35. Bxe6+ Kxe6 36. Qc4+ d5 37. Qc6+
Ke7 38. Qc7+) 32... Bc6 33. Bd3 {sollte Weiß auch besser stehen.}) 31. Rxd5 Qe6
32. Rh5 Bb5 (32... Qg4 33. Qxg4 Bxg4 34. Rxh6 Rbf8 35. Kxc3) 33. Rxb5 Qc8 34.
e5 (34. e5 dxe5 35. Rxe5+) 1-0

[Event "EU-ch 7th"]
[Site "Kusadasi"]
[Date "2006.04.04"]
[Round "1"]
[White "Kosintseva, Tatiana"]
[Black "Kozul, Zdenko"]
[Result "0-1"]
[WhiteElo "2479"]
[BlackElo "2600"]
[Annotator "Kritz,L"]
[PlyCount "104"]
[EventDate "2006.04.04"]
[EventType "swiss"]
[EventRounds "13"]
[EventCountry "TUR"]
[SourceTitle "CBM 113"]
[Source "ChessBase"]
[SourceDate "2006.07.31"]
[SourceVersion "1"]
[SourceVersionDate "2006.07.31"]
[SourceQuality "1"]

1. e4 c5 2. Nf3 Nc6 3. d4 cxd4 4. Nxd4 Nf6 5. Nc3 d6 6. Bg5 e6 7. Qd2 a6 {
Das ist eine der Hauptvarianten im Rauser-Angriff. Die anderen
Spielmöglichkeiten sind:} (7... Be7 8. O-O-O O-O 9. f4 Nxd4 10. Qxd4 Qa5 {
...mit sehr langen und komplizierten Varianten.}) (7... Qb6 8. O-O-O (8. Nb3 $5
Be7 9. O-O-O O-O 10. f3 Rd8 11. Nb5 $1 Rd7 (11... a6 $4 12. Be3 $18) 12. Qe1 a6
13. N5d4 $14) 8... Qxd4 9. Qxd4 Nxd4 10. Rxd4 a6 11. f3 $14 {
Kasparov-Mchedlishvili (Bled, 2002)}) 8. O-O-O {Wenn man 7.Qd2 spielt, dann
muss man lang rochieren.} Bd7 {Eine andere Möglichkeit ist} (8... h6 {wonach
Weiß jedoch mittels} 9. Nxc6 bxc6 10. Bf4 d5 11. Be2 Be7 12. Qe3 $14 {zu gutem
Spiel kommt.}) 9. f3 (9. f4 {Gilt hier als Hauptzug. Ich finde jedoch, dass
die Partiefortsetzung nicht weniger gefährlich ist.} b5 10. Bxf6 (10. Nxc6 $6
Bxc6 11. e5 (11. Bxf6 Qxf6 $15) 11... dxe5 12. Qxd8+ Rxd8 13. Rxd8+ Kxd8 14.
fxe5 h6 15. Bh4 g5 16. exf6 gxh4 $15) 10... gxf6 11. Kb1 Qb6 12. Nxc6 Bxc6 13.
Bd3 $132 {Diese Stellung ist sehr strategisch ausgerichtet und auf lange Sicht
völlig unklar.}) 9... Rc8 (9... Be7 10. h4 h6 11. Be3 h5 $1 {Schwarz betoniert
den Königsflügel und verhindert g4. Dafür wird das Feld g5 geschwächt und
Schwarz muss für den weiteren Spielverlauf auf die kurze Rochade verzichten.}
12. Bg5 Rc8 13. Kb1 Ne5 14. Bd3 Qc7 15. Rhe1 $132) (9... h6 10. Be3 b5 11. Nxc6
Bxc6 12. Ne2 Qc7 13. Nd4 Bb7 14. g4 e5 15. Nf5 d5 $132) 10. Kb1 Be7 (10... Ne5
$6 11. f4 $1 Nc4 $2 12. Bxc4 Rxc4 13. e5 h6 14. Bh4 g5 15. fxg5 Nh7 16. exd6
$18) 11. g4 {Einer von vielen spielbaren Zügen, wohl der naheliegendste. Mir
gefällt allerdings das direkte 11.Sxc6 besser.} (11. Nxc6 $5 Bxc6 (11... Rxc6
12. h4 (12. Ne2 Nxe4 13. fxe4 Bxg5 $19) 12... h5 13. Ne2 b5 14. Nd4 Rc8 15. Bd3
$14) (11... bxc6 $2 12. Bxa6 Rb8 13. Bc4 d5 14. Bb3 $16) 12. h4 O-O 13. Ne2 b5
14. Nd4 Bb7 15. g4 Qc7 16. Bd3 $14) 11... Ne5 $1 $146 12. Be3 {Der Läufer
macht dem Bauern Platz.} b5 13. g5 Nh5 14. Bd3 (14. f4 $5 {ist als Idee
interessant. Hier führt es zu einer unklaren Stellung.} b4 (14... Nc4 15. Bxc4
Rxc4 16. f5 (16. Qe2 g6 17. f5 Bxg5 18. Bxg5 Qxg5 $13) 16... b4 17. Qe2 Rxd4
18. Bxd4 Nf4 19. Qxa6 bxc3 20. Bxg7 Rg8 21. Bxc3 $14) 15. Nce2 (15. Ncb5 Ng4
16. Be2 Nxe3 17. Qxe3 Nxf4 18. Qxf4 axb5 19. Nxb5 e5 20. Qd2 Rc6 21. Qxb4 O-O
$44) 15... Nc4 16. Qd3 e5 (16... Nxe3 17. Qxe3 e5 18. Nf5 $14) 17. Nf5 O-O $13)
14... g6 (14... b4 $5 15. Nce2 Nxd3 16. Qxd3 $1 (16. cxd3 e5 17. Nb3 a5 18. d4
a4 19. Nbc1 Qc7 $13) 16... Bxg5 17. Bxg5 Qxg5 18. Qxa6 Qc5 19. Rd2 O-O 20. Nb3
Qe3 21. Qxd6 Qxf3 22. Rhd1 Bc6 23. Ned4 Qxe4 24. Nc5 Qd5 25. Nxc6 Qxc6 26. Qxc6
Rxc6 27. Nd7 Rd8 28. Rd4 $14) 15. f4 Nxd3 (15... Nc4 16. Bxc4 Rxc4 17. f5 b4
18. Nce2 e5 19. f6 Bf8 (19... exd4 20. fxe7 Qxe7 21. Qd3 Bb5 22. Nxd4 O-O 23.
Rhe1 $16) 20. Qd3 $1 (20. Nf3 Rxe4 21. Qd3 Qa8 22. Nd2 Bf5 23. Qb3 Be6 24. Qa4+
Bd7 25. Qb3 Be6 $11) 20... exd4 21. Qxc4 dxe3 22. Qxa6 $16) 16. cxd3 $6 {
Paradox, aber das typische Nehmen mit dem Bauern bringt Weiß in
Schwierigkeiten. Richtig wäre 16.Qd3!} (16. Qxd3 $1 b4 (16... e5 17. fxe5 dxe5
18. Nf3 Bg4 19. Qe2 $16) (16... d5 17. exd5 b4 18. dxe6 bxc3 19. exd7+ Qxd7 20.
b3 $16) 17. Nce2 e5 18. Nf3 Bb5 19. Qd2 $14) 16... b4 17. Nce2 e5 18. fxe5 (18.
Nf3 Bg4 19. Rhf1 b3 20. axb3 (20. a3 Rc2 $17) 20... exf4 21. Nxf4 Nxf4 22. Bxf4
O-O $44) 18... dxe5 19. Nf3 Bd6 $6 {Der Zug ist nicht schlecht, aber die
Alternative 19....b3 sieht wesentlich besser aus.} (19... b3 $1 20. axb3 (20.
a3 Rc2 21. Qe1 Bg4 22. Rf1 Qc7 $17) (20. Nxe5 $2 Rc2 21. Qe1 Rxe2 $3 22. Qxe2
Qa5 23. Nxd7 (23. axb3 Qxe5 $17) 23... Qxa2+ 24. Kc1 Qa1+ 25. Kd2 Bb4#)) 20. d4
Bc6 21. d5 (21. dxe5 Bxe4+ 22. Ka1 Be7 $1 (22... Bxf3 23. exd6 O-O (23... Bxh1
24. d7+ Kf8 25. dxc8=Q Qxc8 26. Qxb4+ Kg8 27. Qe7 $18) 24. Rhf1 Bg4 25. d7 $16)
23. Qxd8+ Rxd8 24. Rxd8+ Bxd8 25. Ned4 Ng7 26. Rc1 Ne6 27. Nxe6 fxe6 28. Nd4
Kd7 29. Nb3 Be7 $11) 21... Bb5 $132 {Schwarz hat den ersten weißen
Angriffsversuch erfolgreich überstanden und im Weiteren gilt das
Fußballprinzip: Schießt du kein Tor - so kriegst du eins geschossen!} 22. Ng3
Nxg3 23. hxg3 a5 24. Rh4 Qc7 25. Nh2 Qc4 26. b3 Qe2 27. Qxe2 Bxe2 28. Rd2 Bb5
29. Ng4 Ke7 30. Kb2 Rc3 31. Rc2 Rhc8 32. Rxc3 Rxc3 33. Bd2 Rxg3 34. Nf6 Rg2 35.
Kc1 Bc5 36. Rxh7 Bd3 37. Rh1 Bd4 38. Re1 Kd6 39. Rd1 Bb5 40. Rh1 Bf2 41. Rh3
Rg1+ 42. Kc2 Bd4 43. Rh8 Ra1 44. Rb8 Rxa2+ 45. Kd1 Ra1+ 46. Kc2 Be2 47. Rd8+
Kc7 48. Rd7+ Kb6 49. Rd6+ Kb5 50. Ne8 a4 51. Nc7+ Ka5 52. bxa4 Bd1+ 0-1